| 000 | 00810cam a2200265 4500 | ||
|---|---|---|---|
| 008 | 090401t1998 xxu||||| |||| 00| 0 eng d | ||
| 020 | _a0102995982 | ||
| 035 | _a(Sirsi) u87358 | ||
| 041 | _aeng | ||
| 050 | _a636.20896 | ||
| 110 |
_aUnited Kingdom _bNational Audit Office _91350 |
||
| 245 | _aReport by the Comptroller and Auditor General : Ministry of Agriculture, Fisheries and Food and the Intervention Board : BSE : the cost of a crisis. | ||
| 260 |
_aLondon _bStationery Office _c1998 |
||
| 300 | _a122p. ; 30cm. | ||
| 350 | _a13.75 | ||
| 490 |
_aHCP _v853 |
||
| 650 | _aBEEF INDUSTRY | ||
| 650 | _aBOVINE SPONGIFORM ENCEPHALOPATHY | ||
| 650 | _aBSE | ||
| 650 | _aOVER THIRTY MONTH SCHEME | ||
| 650 | _aSUPPORT SCHEMES | ||
| 690 | _aRURAL PRACTICE | ||
| 942 | _n0 | ||
| 948 | _c13/07/1998 | ||
| 999 |
_c97226 _d97226 |
||